书目信息 |
| 题名: |
轧制原料工
|
|
| 作者: | 杨荣东 | |
| 分册: | ||
| 出版信息: | 武汉 中国建材工业出版社 2016.03 |
|
| 页数: | 481页 | |
| 开本: | 26cm | |
| 丛书名: | ||
| 单 册: | ||
| 中图分类: | TG33 | |
| 科图分类: | ||
| 主题词: | 轧制 | |
| 电子资源: | ||
| ISBN: | 978-7-80227-921-6 | |
| 000 | 00603nam0 2200217 450 | |
| 001 | 995 | |
| 005 | 20161008081143.70 | |
| 010 | @a978-7-80227-921-6@b平装@dCNY77.00 | |
| 100 | @a20160830d2016 km y0chiy0120 ea | |
| 101 | 0 | @achi |
| 102 | @aCN@b110000 | |
| 102 | @aCN@b420000 | |
| 200 | 1 | @a轧制原料工@Azha zhi yuan liao gong@f杨荣东@Fyang rong dong |
| 210 | @a武汉@c中国建材工业出版社@d2016.03 | |
| 215 | @a481页@d26cm | |
| 330 | @a轧制·技术培训·教材 | |
| 606 | 0 | @a轧制 |
| 690 | @aTG33@v4 | |
| 701 | 0 | @a杨荣东@Ayang rong dong |
| 801 | 0 | @aCN@b唐山师范学院图书馆@c20160830 |
| 905 | @aZUCC@dTG33@e15 | |
| 轧制原料工/杨荣东.-武汉:中国建材工业出版社,2016.03 |
| 481页;26cm |
| ISBN 978-7-80227-921-6(平装):CNY77.00 |
| 轧制·技术培训·教材 |
| ● |
| 相关链接 |
|
|
|
|
正题名:轧制原料工
索取号:TG33/15
 
预约/预借
| 序号 | 登录号 | 条形码 | 馆藏地/架位号 | 状态 | 备注 |
| 1 | 906437 | 209064377 | 第二样本阅览室/ [索取号:TG33/15] | 在馆 | |
| 2 | 906438 | 209064386 | 第三借阅区/ [索取号:TG33/15] | 在馆 | |
| 3 | 906439 | 209064395 | 第三借阅区/ [索取号:TG33/15] | 在馆 |